000 00477nam a22001697a 4500
003 BD-ChCU
005 20260504093214.0
008 260504b bg ||||| |||| 00| 0 ben d
040 _cBD-ChCU
082 _a362.733 TRI
100 _aTrasler , Gordon .
_922259
245 _aIn place of parents :
_ba study of foster care ./
_cGordon , Trasler
260 _aLondon :
_bRoutledge ,
_cC 1965
300 _aviii , 248p.
650 0 _aChild Welfare .
_922261
942 _2ddc
_cBK
_n0
999 _c112608
_d112608